Central Library OPAC University of Rajshahi

বাংলাদেশ সপ্তম জাতীয় সংসদের কার্যকারিতা (১৯৯৬-২০০১) : (Record no. 77785)

MARC details
000 -LEADER
fixed length control field 01796nam a2200277 a 4500
001 - CONTROL NUMBER
control field 77785
003 - CONTROL NUMBER IDENTIFIER
rucl marc code BD-RjUL
005 - DATE AND TIME OF LATEST TRANSACTION
control field 20211209083026.0
008 - FIXED-LENGTH DATA ELEMENTS--GENERAL INFORMATION
fixed length control field 210112s2005 bg ||||| m||| 00| 0 ben d
035 ## - SYSTEM CONTROL NUMBER
System control number (BD-RjUL)78011
040 ## - CATALOGING SOURCE
Original cataloging agency BD-RjUL
Language of cataloging ben /eng
Transcribing agency BD-RjUL
Modifying agency BD-RjUL
041 ## - LANGUAGE CODE
Language code of text/sound track or separate title ben
082 ## - DEWEY DECIMAL CLASSIFICATION NUMBER
Classification number 328.5492
Author mark and year PAB 2005
Edition number 23
100 ## - MAIN ENTRY--PERSONAL NAME
Personal name পারভীন, সোরিফা
9 (RLIN) 243512
245 10 - TITLE STATEMENT
Title বাংলাদেশ সপ্তম জাতীয় সংসদের কার্যকারিতা (১৯৯৬-২০০১) :
Remainder of title একটি পর্যালোচনা /
Statement of responsibility, etc. সোরিফা পারভীন ;
Linkage গবেষণা তত্ত্বাবধায়ক : মো. আমিনুর রহমান
260 ## - PUBLICATION, DISTRIBUTION, ETC. (IMPRINT)
Place of publication, distribution, etc. রাজশাহী :
Name of publisher, distributor, etc. রাষ্ট্রবিজ্ঞান বিভাগ, রাজশাহী বিশ্ববিদ্যালয়,
Date of publication, distribution, etc. ২০০৫
300 ## - PHYSICAL DESCRIPTION
Pagination xii, ১৫৭ পাতা ;
Size ২৯ সেমি.
502 ## - DISSERTATION NOTE
Dissertation note থিসিস (এম. ফিল.) -- রাষ্ট্রবিজ্ঞান বিভাগ, রাজশাহী বিশ্ববিদ্যালয়, ২০০৫
504 ## - BIBLIOGRAPHY, ETC. NOTE
Bibliography, etc গ্রন্থপঞ্জি : পাতা [১৪৫]-১৫৭
651 ## - SUBJECT ADDED ENTRY--GEOGRAPHIC NAME
Geographic name বাংলাদেশ
General subdivision রাজনীতি ও সরকার
Chronological subdivision ১৯৯৬-২০০১
9 (RLIN) 243536
Geographic name Bangladesh
General subdivision Politics and Government
Chronological subdivision 1996-2001
9 (RLIN) 243537
Geographic name বাংলাদেশ
General subdivision জাতীয় সংসদ
Chronological subdivision ১৯৯৬-২০০১
9 (RLIN) 243538
Geographic name Bangladesh
General subdivision Jātīẏa Saṃsada.
Chronological subdivision 1996-2001
9 (RLIN) 243539
700 ## - ADDED ENTRY--PERSONAL NAME
Personal name রহমান, মো. আমিনুর, গবেষণা তত্ত্বাবধায়ক
942 ## - ADDED ENTRY ELEMENTS (KOHA)
Source of classification or shelving scheme Dewey Decimal Classification
Koha item type Theses
Holdings
Lost status Source of classification or shelving scheme Damaged status Not for loan Collection code Permanent Location Current Location Shelving location Date acquired Source of acquisition Total Checkouts Full call number Date last seen Copy number Koha item type
  Dewey Decimal Classification   Not For Loan Theses Central Library, University of Rajshahi Central Library, University of Rajshahi Documentation Section 16/02/2007 Controller of Exam. , R. U.   BTHE 328.5492 PAB 2005 12/01/2021 C-1 Theses